Sermón predicado el día 1o. de noviembre de 1792. En las solemnes esequias de la Santa Iglesia Catedral de Guadalajara celebró...

Detalles Bibliográficos
Autor principal: MORENO, Juan José
Formato: Libro
Publicado: Guadalajara 1792
Materias:
Colección:Banco de datos
Acervo:Biblioteca del Ex Convento de Nuestra Señora de Guadalupe. Zacatecas
Tema general:Homilética
Notas:Buena. XI,7,27(3700). Encuadernado en un solo volumen con 8 sermones a distintos santos, con un dictamen, un discurso político-moral, una exhortación y 2 elogios fúnebres. S/Mca.fuego
LEADER 00899nam a22001930004500
035 |a 42714 
036 |a 3898 
100 1 |a MORENO, Juan José 
245 1 0 |a Sermón predicado el día 1o. de noviembre de 1792. En las solemnes esequias de la Santa Iglesia Catedral de Guadalajara celebró... 
260 |a Guadalajara  |b s.i.  |c 1792 
500 |a Buena. XI,7,27(3700). Encuadernado en un solo volumen con 8 sermones a distintos santos, con un dictamen, un discurso político-moral, una exhortación y 2 elogios fúnebres. S/Mca.fuego 
650 1 0 |a Homilética 
949 |a CRZ-CG 
959 |a Ex convento de Nuestra Señora de Guadalupe, Museo Regional de Zacatecas, Zacatecas  |b CCC4 
960 |a Convento de Nuestra Señora de Guadalupe, Zacatecas  |b DD87 
961 |a Franciscana  |b OF 
942 |c CRZ-CG 
943 |g Biblioteca del Ex Convento de Nuestra Señora de Guadalupe. Zacatecas 
999 |c 966841  |d 966841